|
|
|
|
| LEADER |
01550nam a2200397 4500 |
| 001 |
ocn905861878 |
| 003 |
OCoLC |
| 005 |
20180501122025.0 |
| 006 |
m o d |
| 007 |
cr cn||||||||| |
| 008 |
150223t20152015ne a ob 001 0 eng d |
| 040 |
|
|
|a E7B
|b eng
|e rda
|e pn
|c E7B
|d OCLCO
|d EBLCP
|d IDEBK
|d CDX
|d YDXCP
|d OPELS
|d OCLCF
|d OCLCQ
|d DEBBG
|d BUF
|d GrThAP
|
| 019 |
|
|
|a 903442405
|
| 020 |
|
|
|a 9780444637154
|q (electronic bk.)
|
| 035 |
|
|
|a (OCoLC)905861878
|z (OCoLC)903442405
|
| 050 |
|
4 |
|a RS403
|b .P764 2015eb
|
| 082 |
0 |
4 |
|a 615.19
|2 23
|
| 049 |
|
|
|a TEFA
|
| 245 |
0 |
0 |
|a Progress in medicinal chemistry.
|n Volume 55 /
|c edited by G. Lawton, David R. Witty.
|
| 250 |
|
|
|a First edition.
|
| 264 |
|
1 |
|a Amsterdam, Netherlands ;
|a Oxford, England :
|b Elsevier,
|c 2016.
|
| 264 |
|
4 |
|c Ã2015
|
| 300 |
|
|
|a 1 online resource (249 pages) :
|b illustrations.
|
| 336 |
|
|
|a text
|b txt
|2 rdacontent
|
| 337 |
|
|
|a computer
|b c
|2 rdamedia
|
| 338 |
|
|
|a online resource
|b cr
|2 rdacarrier
|
| 490 |
0 |
|
|a Progress in Medicinal Chemistry,
|x 0079-6468 ;
|v Volume 55
|
| 504 |
|
|
|a Includes bibliographical references and indexes.
|
| 588 |
0 |
|
|a Online resource; title from PDF title page (ebrary, viewed February 21, 2015).
|
| 650 |
|
0 |
|a Pharmaceutical chemistry.
|
| 650 |
|
7 |
|a Pharmaceutical chemistry.
|2 fast
|0 (OCoLC)fst01060115
|
| 655 |
|
4 |
|a Electronic books.
|
| 655 |
|
7 |
|a Electronic books.
|2 lcgft
|
| 700 |
1 |
|
|a Lawton, G.,
|e editor.
|
| 700 |
1 |
|
|a Witty, David R.,
|e editor.
|
| 856 |
4 |
0 |
|u https://www.sciencedirect.com/science/bookseries/00796468/55
|z Full Text via HEAL-Link
|